| 000 | 00774nam a2200229Ia 4500 | ||
|---|---|---|---|
| 008 | 130821s1999 enk gr eng | ||
| 020 | _a978 0 19 875250 9 | ||
| 040 |
_aCo-BoUCM. _bspa |
||
| 041 | 0 | 0 | _aeng |
| 245 | 0 | 0 |
_aTruth _ceditado por Simon Blackburn y Keith Simmons |
| 260 |
_aOxford (Oxfordshire, Inglaterra) _bOxford University Press _c1999 |
||
| 300 | _avi, 406 páginas | ||
| 490 | _aOxford readings in philosophy | ||
| 504 | _aIncluye referencias bibliográficas e índice. | ||
| 650 |
_aFilosofía moderna _915835 |
||
| 650 |
_aFilosofía _975 |
||
| 650 |
_aVerdad _926156 |
||
| 700 | 1 |
_aBlackburn, Simon _d1944- _eed. _9169375 |
|
| 700 | 1 |
_aSimmons, Keith _eed. _9169376 |
|
| 942 |
_cLIBRO _a2 _e1 _mT874t _2DEWEY _h121 |
||
| 999 |
_c76013 _d76013 |
||